Statistiques concernant Les 100 meilleurs joueurs de tous les temps

Cliquez ici pour prendre le quiz!

Statistiques générales

  • Ce quiz a été pris 915 fois
  • Le résultat moyen est 36 sur 100

Statistiques - réponses

CLASSEMENTPAYSJOUEUR% Correct
2ARGENTINEMESSI
99%
4PORTUGALRONALDO
99%
8BRESILRONALDO
99%
1BRESILPELE
97%
5ARGENTINEMARADONA
96%
3FRANCEZIDANE
96%
58FRANCEMBAPPE
82%
9BRESILRONALDINHO
82%
6PAYS BASCRUYFF
81%
60BRESILNEYMAR
77%
11FRANCEPLATINI
76%
19ALLEMAGNEMULLER
73%
52ESPAGNEXAVI
71%
54ESPAGNEINIESTA
70%
16ITALIEMALDINI
70%
72FRANCEHENRY
68%
59CROATIEMODRIC
67%
38URUGUAYSUAREZ
66%
97COTE D'IVOIREDROGBA
63%
13IRLANDE DU NORDBEST
59%
44ITALIEBUFFON
59%
10PAYS BASVAN BASTEN
59%
90CAMEROUNETO'O
57%
15ESPAGNERAMOS
57%
40SUEDEIBRAHIMOVIC
55%
65ALLEMAGNENEUER
55%
12ALLEMAGNEBECKENBAUER
54%
23HONGRIEPUSKAS
52%
83PAYS DE GALLESBALE
51%
41PAYS BASGULLIT
51%
75BRESILRIVALDO
50%
64ESPAGNECASILLAS
48%
25PORTUGALEUSEBIO
47%
80ALLEMAGNELAHM
47%
71ITALIECANNAVARO
45%
57BRESILKAKA
45%
79BRESILCARLOS
44%
63BELGIQUEDE BRUYNE
44%
7ARGENTINEDI STEFANO
44%
14BRESILGARRINCHA
42%
35REPUBLIQUE TCHEQUENEDVED
42%
96ANGLETERREBECKHAM
41%
77BRESILCAFU
41%
24RUSSIEYASHIN
41%
55ITALIEBAGGIO
38%
62ANGLETERREGERRARD
35%
61ANGLETERRELAMPARD
35%
95ESPAGNEPUYOL
35%
21BRESILROMARIO
32%
82ROUMANIEHAGI
31%
89ETATS UNISWEAH
31%
27ITALIEBARESI
30%
32FRANCEKOPA
30%
36ANGLETERREOWEN
30%
20ANGLETERRECHARLTON
29%
51DANEMARKLAUDRUP
29%
73PAYS BASVAN PERSIE
29%
18BRESILZICO
29%
98ECOSSEDALGLISH
27%
43ECOSSEDALGLISH
27%
69DANEMARKSCHMEICHEL
27%
31BRESILSOCRATES
27%
87PAYS BASVAN DER SAR
20%
88ANGLETERREFERDINAND
19%
30ANGLETERREMOORE
19%
99FRANCEVIEIRA
19%
74PAYS BASVAN DIJK
18%
100COTE D'IVOIREYAYA TOURE
18%
76PAYS BASBERGKAMP
17%
17ITALIEROSSI
17%
53BRESILJAIRZINHO
16%
81BULGARIESTOICHKOV
15%
86BRESILDIDA
14%
91CAMEROUNMILLA
13%
56ITALIEZOFF
13%
94ESPAGNEBUTRAGUENO
12%
84ARGENTINEKEMPES
11%
28ITALIEMEAZZA
9%
67ANGLETERREKEEGAN
7%
33ALLEMAGNEMATTAUS
7%
26BRESILCARLOS ALBERTO
6%
42ITALIERIVERA
6%
47BRESILDIDI
5%
78ANGLETERRELAW
5%
48UKRAINEBLOKHIN
4%
39ESPAGNEGENTO
4%
68REPUBLIQUE TCHEQUEMASOPUST
3%
50BRESILRIVELLINO
3%
92ALLEMAGNEBREITNER
2%
66ANGLETERREDEAN
2%
37ANGLETERREMATTEWS
1%
29ITALIEMAZZOLA
1%
22ALLEMAGNENETZER
1%
49URUGUAYSCHIAFFINO
1%
46ALLEMAGNEWALTER
1%
93ANGLETERRECHARLES
0%
70ECOSSEJOHNSTONE
0%
34ARGENTINEMORENO
0%
45REPUBLIQUE TCHEQUESINDELAR
0%
85URUGUAYVARELA
0%

Distribution des résultats

Percentile par nombre de réponses

% des personnes avec chaque résultat

Votre développement - résultats

Vous n’avez pas pris ce quiz